000
00248 a2200097 4500
020
_a
9781041049517
100
_a
S. Sumathi
245
_a
Machine learning for decision sciences with case studies in Python
260
_b
CRC Press
_c
2025
942
_c
OO
999
_c
116033
_d
116032